| 000 | 00521nam a22002057a 4500 | ||
|---|---|---|---|
| 003 | SISC | ||
| 005 | 20160303100912.0 | ||
| 008 | 130724t xxu||||| |||| 00| 0 eng d | ||
| 020 | _a0141305401 | ||
| 050 |
_aPZ 10.3 _b.Se516 1994 |
||
| 082 |
_aCLA _bSe8b 1994 |
||
| 100 |
_aSewell, Anna _93322 |
||
| 245 |
_aBlack beauty / _cAnna Sewell. |
||
| 260 |
_aEngland : _bPuffin Books, _cc1994. |
||
| 300 |
_a265 p. : _bill. ; _c20 cm. |
||
| 562 | _e1 | ||
| 650 |
_aClassics. _92808 |
||
| 942 |
_2lcc _cBK |
||
| 999 |
_c7616 _d7616 |
||